Luces y Sombras de Buenos Aires: (Record no. 532427)

000 -LEADER
fixed length control field 00411nam a22001457a 4500
003 - CONTROL NUMBER IDENTIFIER
control field NUST
020 ## - INTERNATIONAL STANDARD BOOK NUMBER
International Standard Book Number 950914052X
Qualifying information H/B.
038 ## - RECORD CONTENT LICENSOR
Staff Name waseem
082 ## - DEWEY DECIMAL CLASSIFICATION NUMBER
Classification number 997.11
Author Mark ALD
100 ## - MAIN ENTRY--PERSONAL NAME
Personal name Aldo Sessa, Fotografias
9 (RLIN) 25943
245 ## - TITLE STATEMENT
Title Luces y Sombras de Buenos Aires:
Remainder of title Lights & Shadows of Buenos Aires /
Statement of responsibility, etc. Fotografias Aldo Sessa
260 ## - PUBLICATION, DISTRIBUTION, ETC.
Place of publication, distribution, etc. Buenos Aires :
Name of publisher, distributor, etc. Sessa Editores,
300 ## - PHYSICAL DESCRIPTION
Extent 100 p. ;
942 ## - ADDED ENTRY ELEMENTS (KOHA)
Source of classification or shelving scheme
Koha item type Book
Holdings
Withdrawn status Lost status Source of classification or shelving scheme Damaged status Not for loan Permanent Location Current Location Date acquired Source of acquisition Full call number Barcode Date last seen Price effective from Koha item type
          Central Library (CL) Central Library (CL) 11/20/2019 Donation 997.11 ALD CL-D-743 11/20/2019 11/20/2019 Reference
© 2023 Central Library, National University of Sciences and Technology. All Rights Reserved.